Datum a čas kvízu
32
Celkem bodů
Celkový počet nahraných bodů na tomto kvízu bez doplňovacích otázek.
4.
Pořadí na kvízu
Konečné umístění týmu na tomto kvízu.
Zaznamenané odpovědi
| # | Otázka | Odpověď | Body | Výsledky |
|---|---|---|---|---|
| 1. | Pod pojmem „současná muzika" s... | 1C 2D 3A 4B | 1 | |
| 2. | Jak se jmenuje umělec, který l... | Vladimír Mišík | 1 | |
| 3. | Zpěvačka Billie Eilish je jist... | Do We Go | 0 | |
| 4. | Na písni Dej si roušku, jež vy... | Nikol Štíbrová | 0 | |
| 5. | V poslední otázce tématu máte... | Weeknd - Blinding Lights | 0.5 | |
| 6. | Tou cestou / Tím směrem prý by... | slíbí a dají | 1 | |
| 7. | Kapela J.A.R. vydala v roce 20... | Monkey Business | 0 | |
| 8. | Jak se jmenuje slovenský primá... | Pavol Habera | 1 | |
| 9. | V roce 1985 byla vydána charit... | Lionel Richie | 0 | |
| 10. | Napište jména dvou hudebníků s... | Beyoncé, JAY-Z | 1 |